000 00574nam a2200229Ia 4500
003 OSt
005 20220918231745.0
006 a|||||r|||| 00| 0
007 ta
008 220917b |||||||| |||| 00| 0 eng d
024 _a349,857
037 _cTextual
040 _aARTS
_cARTS
_beng
041 _2eng
_aeng
082 _aO111, M6
100 _aVanpeer William Au.
_9155633
245 0 _aStylistics and psychology
260 _c1986
650 _aENGLISH LANGUAGE
942 _hO111, M6
_cTEXL
_2CC
999 _c292272
_d292272